Nachbarländer Syriens🇸🇾 - Statistiken

Allgemein
  • Dieses Quiz wurde 80 mal gespielt
  • Das Durchschnittsergebnis liegt bei 5 aus 5
Antwortstatistiken
Grenzlänge in km Nachbarland % Korrekt
599 Irak🇮🇶
98%
80 Israel🇮🇱
95%
900 Türkei🇹🇷
95%
394 Libanon🇱🇧
92%
379 Jordanien🇯🇴
89%
Keine ĂĽbereinstimmenden Quizze gefunden
Verteilung der Resultate
Anzahl Personen mit jedem Resultat
Perzentil nach korrekt beantworteten Fragen
Ihre Resultats-Entwicklung
Sie haben dieses Quiz noch nicht gespielt